<?xml version="1.0" encoding="UTF-8"?>
<record
    xmlns:xsi="http://www.w3.org/2001/XMLSchema-instance"
    xsi:schemaLocation="http://www.loc.gov/MARC21/slim http://www.loc.gov/standards/marcxml/schema/MARC21slim.xsd"
    xmlns="http://www.loc.gov/MARC21/slim">

  <leader>00505nam a22001697a 4500</leader>
  <datafield tag="999" ind1=" " ind2=" ">
    <subfield code="c">324764</subfield>
    <subfield code="d">324764</subfield>
  </datafield>
  <controlfield tag="008">210315b           ||||| |||| 00| f mal d</controlfield>
  <datafield tag="020" ind1=" " ind2=" ">
    <subfield code="a">9789387357937</subfield>
  </datafield>
  <datafield tag="084" ind1=" " ind2=" ">
    <subfield code="2">CC</subfield>
    <subfield code="a">O591,3N02,Y</subfield>
  </datafield>
  <datafield tag="100" ind1=" " ind2=" ">
    <subfield code="a">Hikmet, Nazim</subfield>
  </datafield>
  <datafield tag="245" ind1=" " ind2=" ">
    <subfield code="a">Jeevitham mahatharamaanu sodara /</subfield>
    <subfield code="c">Nazim Hikmet; translated by Kabani C.</subfield>
  </datafield>
  <datafield tag="260" ind1=" " ind2=" ">
    <subfield code="a">Thrissur :</subfield>
    <subfield code="b">Green Books,</subfield>
    <subfield code="c">2019.</subfield>
  </datafield>
  <datafield tag="546" ind1=" " ind2=" ">
    <subfield code="a">In Malayalam</subfield>
  </datafield>
  <datafield tag="653" ind1=" " ind2=" ">
    <subfield code="a">Turkish Fiction - Malayalam Translation</subfield>
  </datafield>
  <datafield tag="700" ind1=" " ind2=" ">
    <subfield code="a">Kabani, C.</subfield>
    <subfield code="e">Translator</subfield>
  </datafield>
  <datafield tag="942" ind1=" " ind2=" ">
    <subfield code="c">BK</subfield>
  </datafield>
  <datafield tag="952" ind1=" " ind2=" ">
    <subfield code="0">0</subfield>
    <subfield code="1">0</subfield>
    <subfield code="4">0</subfield>
    <subfield code="7">0</subfield>
    <subfield code="8">MAL</subfield>
    <subfield code="a">BLC</subfield>
    <subfield code="b">BLC</subfield>
    <subfield code="d">2021-03-15</subfield>
    <subfield code="l">6</subfield>
    <subfield code="m">3</subfield>
    <subfield code="o">O591,3N02,Y 32Q9</subfield>
    <subfield code="p">476194</subfield>
    <subfield code="r">2026-01-29</subfield>
    <subfield code="s">2026-01-16</subfield>
    <subfield code="v">255.00</subfield>
    <subfield code="w">2021-03-15</subfield>
    <subfield code="y">BK</subfield>
  </datafield>
  <datafield tag="952" ind1=" " ind2=" ">
    <subfield code="0">0</subfield>
    <subfield code="1">0</subfield>
    <subfield code="4">0</subfield>
    <subfield code="7">0</subfield>
    <subfield code="8">MAL</subfield>
    <subfield code="a">BLC</subfield>
    <subfield code="b">BLC</subfield>
    <subfield code="d">2021-03-15</subfield>
    <subfield code="l">5</subfield>
    <subfield code="m">1</subfield>
    <subfield code="o">O591,3N02,Y 32Q9</subfield>
    <subfield code="p">476195</subfield>
    <subfield code="r">2025-10-31</subfield>
    <subfield code="s">2025-10-05</subfield>
    <subfield code="v">255.00</subfield>
    <subfield code="w">2021-03-15</subfield>
    <subfield code="y">BK</subfield>
  </datafield>
  <datafield tag="952" ind1=" " ind2=" ">
    <subfield code="0">0</subfield>
    <subfield code="1">0</subfield>
    <subfield code="4">0</subfield>
    <subfield code="7">0</subfield>
    <subfield code="8">MAL</subfield>
    <subfield code="a">BLC</subfield>
    <subfield code="b">BLC</subfield>
    <subfield code="d">2021-03-15</subfield>
    <subfield code="l">3</subfield>
    <subfield code="o">O591,3N02,Y 32Q9</subfield>
    <subfield code="p">476196</subfield>
    <subfield code="r">2025-05-06</subfield>
    <subfield code="s">2025-04-28</subfield>
    <subfield code="v">255.00</subfield>
    <subfield code="w">2021-03-15</subfield>
    <subfield code="y">BK</subfield>
  </datafield>
  <datafield tag="952" ind1=" " ind2=" ">
    <subfield code="0">0</subfield>
    <subfield code="1">0</subfield>
    <subfield code="4">0</subfield>
    <subfield code="7">0</subfield>
    <subfield code="8">MAL</subfield>
    <subfield code="a">BLC</subfield>
    <subfield code="b">BLC</subfield>
    <subfield code="d">2021-03-15</subfield>
    <subfield code="l">0</subfield>
    <subfield code="o">O591,3N02,Y 32Q9</subfield>
    <subfield code="p">476197</subfield>
    <subfield code="r">2021-03-15</subfield>
    <subfield code="v">255.00</subfield>
    <subfield code="w">2021-03-15</subfield>
    <subfield code="y">BK</subfield>
  </datafield>
</record>
